000 00519nam a22001937a 4500
008 240423b |||||||| |||| 00| 0 eng d
020 _a9780192895042
082 _a300.72
100 _aBryman, Alan.
245 _aBryman's Social Research Methods
250 _a6th ed.
260 _aOxford University:
_bOxford,
_c2022.
300 _ax, 607 p.;
_bill.;
_c26.5 Cm.
700 _aClark, Tom.
_eAuthor
700 _aFoster, Liam.
_eAuthor
700 _aSloan, Luke.
_eAuthor
942 _2ddc
999 _c9909
_d9910